| 000 | 00436nam a2200145 a 4500 | ||
|---|---|---|---|
| 001 | 000030867 | ||
| 005 | 20200930062546.0 | ||
| 008 | 110602s1991 dr 000 0 spa d | ||
| 040 |
_aDO-SdBNP _bspa _cBNPHU |
||
| 110 | 1 |
_aSecretaría de Estado de Deportes, Educación Física y Recreativa _957400 |
|
| 245 | 1 | 0 | _aReglas internacionales de judo. |
| 260 |
_aSanto Domingo : _bSEDEFIR, _c1991. |
||
| 300 |
_a60 p. ; _c21 cm. |
||
| 049 | _aBNPD | ||
| 999 |
_c30359 _d30359 |
||